000 00339nam a22001217a 4500
008 160511b xxu||||| |||| 00| 0 eng d
020 _a9781416063193
020 _a1416063196
041 _aeng
080 _a61
245 _aMedical clinics of north america / New and emerging infectious diseases:
_cMary Elizabeth Wilson:
942 _2udc
_cBK
999 _c2053
_d2053